Historia de la América Central: desde el descubrimiento del país por los españoles, 1502, hasta su independencia de la España, 1821

Salvato in:
Dettagli Bibliografici
Autore principale: Gómez Carrillo, Agustín (Autore)
Natura: Libro
Lingua:spagnolo
Pubblicazione: Ciudad de Guatemala Nacional 1895
Soggetti:
Tags: Aggiungi Tag
Nessun Tag, puoi essere il primo ad aggiungerne!!

MARC

LEADER 00000nam a2200000 a 4500
001 UCO1011
003 CL-VaPUC
005 20241113124629.0
008 000505e18950000gt |||||||||||||||||spa|d
999 |c 287646  |d 287644 
040 |c Pontificia Universidad Católica de Valparaíso 
082 0 4 |a 972.8 GOM 1895  |2 21 
100 0 |a Gómez Carrillo, Agustín  |e author  |9 442738 
245 1 0 |a Historia de la América Central:  |b  desde el descubrimiento del país por los españoles, 1502, hasta su independencia de la España, 1821 
260 |a Ciudad de Guatemala  |b Nacional  |c 1895 
300 |a volúmenes 
583 |a last modification  |c 20171127 02:29:48  |k Rodrigo Vera 
650 0 |a Historia de América  |9 266076 
650 7 |a DESCUBRIMIENTO DE AMERICA  |2 CL-VaPUC  |9 442739 
650 7 |a COLONIZACION  |2 CL-VaPUC  |9 442740 
650 0 |a Independencia   |9 344246 
651 0 |a América Central  |9 255026 
942 |c BK  |2 ddc 
945 |d 20000505 00:00:00  |a crobeson 
952 |0 0  |1 0  |2 ddc  |4 0  |6 972_800000000000000_GOM_1895  |7 0  |8 X  |9 334589  |a BIBHIS  |b BIBHIS  |d 2019-11-20  |h v.4  |i 1272705  |o 972.8 GOM 1895  |p 1272705  |r 2024-01-30  |t 1  |w 2019-11-20  |y BK_X  |k HIS 
952 |0 0  |1 0  |2 ddc  |4 0  |6 972_800000000000000_GOM_1895  |7 0  |8 X  |9 334590  |a BIBHIS  |b BIBHIS  |d 2019-11-20  |h v.3  |i 1259695  |o 972.8 GOM 1895  |p 1259695  |r 2024-01-30  |t 1  |w 2019-11-20  |y BK_X  |k HIS